| 000 | 00333nam a2200133Ia 4500 | ||
|---|---|---|---|
| 005 | 20260328101452.0 | ||
| 008 | 260328s9999||||xx |||||||||||||| ||und|| | ||
| 100 | _aThompson, Paul | ||
| 245 | 4 |
_aThe Work of William Morris / _cPaul Thompson |
|
| 260 | _bQuertet Books | ||
| 300 | _a325 p. | ||
| 650 | _aDISEÑO INDUSTRIAL | ||
| 942 | _cBK | ||
| 999 |
_c8694 _d8694 |
||